| 000 | 00495nam a2200157 i 4500 | ||
|---|---|---|---|
| 001 | 23769 | ||
| 003 | ES-MaACL | ||
| 005 | 20230906152931.0 | ||
| 007 | t| | ||
| 008 | 021212s1933 cr ||||1| spa d | ||
| 100 | 1 |
_aAnderson, Luis. _921455 |
|
| 245 | 1 | 3 |
_aEl incidente entre Colombia y el Perú con motivo de los acontecimientos de Leticia / _copinión de Luis Anderson. |
| 260 |
_aSan José [de] Costa Rica : _bLa Tribuna, _c1933. |
||
| 300 |
_a20 p. ; _c24 cm. |
||
| 852 |
_aES-MaACL _j1777-F-9 |
||
| 999 |
_c23769 _d23769 |
||